| 000 | 00746nam a2200193Ii 4500 | ||
|---|---|---|---|
| 003 | JO-AjNU | ||
| 008 | 230605s9999||||xx |||||||||||||| ||und|| | ||
| 040 |
_aJO-AjNU _bara _erda _cJO-AjNU |
||
| 041 | _aara | ||
| 050 | 1 | 4 | _aDS247 1971 |
| 100 | 3 |
_aاشراف أبو النصر، عمر, _eauthor _99724 |
|
| 245 | 0 | 0 | _aسبف بن ذي يزن : ملك اليمن قبل الإسلام، الجزء الثاني |
| 264 | 3 | 1 | _aبيروت: دار عمر ابو النصر وشركاة، 1971 |
| 300 | _aج2 ، 200ص | ||
| 336 |
_atext _btxt _2rdacontent |
||
| 337 |
_aunmediated _bn _2rdamedia |
||
| 338 |
_avolume _bnc _2rdacarrier |
||
| 650 | 4 |
_aسيف بن ذي يزن،نحو 115ق.ه-50 ق.م شعبي العربي -- تاريخ ونقد. _99725 |
|
| 999 |
_aA1446 _c5014 _d5014 |
||